[Event "Asian Continental Chess Championship 2015 - Open"]
[Site ""]
[Date "2015.08.02"]
[Round "1"]
[Board "1"]
[White "Pascua, Haridas"]
[Black "Le, Quang Liem"]
[Result "1/2-1/2"]
[WhiteElo "2447"]
[BlackElo "2699"]
[PlyCount "70"]
[EventDate "2015.08.02"]
[EventRounds "9"]
[EventCountry "UAE"]

1. d4 f5 2. c4 Nf6 3. Nf3 g6 4. g3 Bg7 5. Bg2 O-O 6. O-O d6 7. Nc3 Qe8 8. Re1
Qf7 9. Qd3 h6 10. a3 Nbd7 11. e4 fxe4 12. Nxe4 Nxe4 13. Qxe4 Nb6 14. c5 Nd5 15.
Qh4 h5 16. h3 Bd7 17. Re2 c6 18. Bg5 Qf5 19. Rae1 Rae8 20. Re4 dxc5 21. g4 Qf7
22. dxc5 Bxb2 23. Ne5 Bxe5 24. Rxe5 Nf4 25. Bf1 Nd5 26. Bc4 e6 27. gxh5 Qh7 28.
hxg6 Qxh4 29. Bxh4 Kg7 30. Bg3 Kxg6 31. h4 Kh6 32. Rg5 Rf5 33. Rxf5 exf5 34.
Rxe8 Bxe8 35. Bxd5 cxd5 1/2-1/2

[Event "Asian Continental Chess Championship 2015 - Open"]
[Site ""]
[Date "2015.08.02"]
[Round "1"]
[Board "2"]
[White "Nguyen, Ngoc Truong Son"]
[Black "Wang, Yiye"]
[Result "1/2-1/2"]
[WhiteElo "2662"]
[BlackElo "2439"]
[PlyCount "45"]
[EventDate "2015.08.02"]
[EventRounds "9"]
[EventCountry "UAE"]

1. e4 e6 2. d4 d5 3. Nd2 Nf6 4. e5 Nfd7 5. Bd3 c5 6. c3 Nc6 7. Ngf3 Be7 8. O-O
g5 9. dxc5 g4 10. Nd4 Ncxe5 11. N2b3 Nxc5 12. Nxc5 Bxc5 13. Bf4 Nxd3 14. Qxd3
Bd7 15. Rfe1 Qb6 16. Be5 Rg8 17. b4 Bf8 18. Qxh7 Rg6 19. Ne2 Rh6 20. Qg8 Rg6
21. Qh7 Rh6 22. Qg8 Rg6 23. Qh7 1/2-1/2

[Event "Asian Continental Chess Championship 2015 - Open"]
[Site ""]
[Date "2015.08.02"]
[Round "1"]
[Board "3"]
[White "Hossain, Enamul"]
[Black "Vidit, Santosh Gujrathi"]
[Result "0-1"]
[WhiteElo "2436"]
[BlackElo "2644"]
[PlyCount "56"]
[EventDate "2015.08.02"]
[EventRounds "9"]
[EventCountry "UAE"]

1. e4 e6 2. d4 d5 3. Nd2 c5 4. exd5 Qxd5 5. dxc5 Nf6 6. Ngf3 Qxc5 7. Bd3 Nbd7
8. O-O Qc7 9. c4 b6 10. Ne4 Bb7 11. Nxf6+ gxf6 12. Re1 O-O-O 13. Be4 Bb4 14.
Bxb7+ Qxb7 15. Rf1 Ne5 16. Qe2 Rhg8 17. Nh4 Rg4 18. f4 Rxh4 19. fxe5 Re4 20.
Qf3 fxe5 21. Bg5 Rg8 22. Bf6 Re3 23. Qxb7+ Kxb7 24. Rad1 Re2 25. g3 Kc6 26. b3
e4 27. Bd4 Rd8 28. Kh1 e3 0-1

[Event "Asian Continental Chess Championship 2015 - Open"]
[Site ""]
[Date "2015.08.02"]
[Round "1"]
[Board "4"]
[White "Sasikiran, Krishnan"]
[Black "Kostenko, Petr"]
[Result "1-0"]
[WhiteElo "2640"]
[BlackElo "2431"]
[PlyCount "67"]
[EventDate "2015.08.02"]
[EventRounds "9"]
[EventCountry "UAE"]

1. d4 e6 2. c4 f5 3. g3 Nf6 4. Bg2 d5 5. Nf3 Bd6 6. O-O O-O 7. b3 b6 8. Bb2 Bb7
9. Nc3 c6 10. Rc1 Nbd7 11. e3 Qe7 12. Ne2 Rad8 13. Nf4 Ne4 14. cxd5 exd5 15.
Rc2 Nb8 16. Qc1 Rc8 17. Rd1 a5 18. Nd3 Na6 19. a3 c5 20. Nf4 a4 21. dxc5 Bxf4
22. b4 bxc5 23. exf4 cxb4 24. Nd4 Rxc2 25. Qxc2 b3 26. Qe2 Qe8 27. Bxe4 fxe4
28. Rc1 Qd7 29. f5 Rc8 30. Rxc8+ Bxc8 31. Ne6 g6 32. Qe3 Qe7 33. Qc3 Bxe6 34.
fxe6 1-0

[Event "Asian Continental Chess Championship 2015 - Open"]
[Site ""]
[Date "2015.08.02"]
[Round "1"]
[Board "5"]
[White "Karthikeyan, P."]
[Black "Sethuraman, S.P."]
[Result "0-1"]
[WhiteElo "2426"]
[BlackElo "2635"]
[PlyCount "78"]
[EventDate "2015.08.02"]
[EventRounds "9"]
[EventCountry "UAE"]

1. d4 d6 2. e4 g6 3. Nc3 Bg7 4. Be3 a6 5. Qd2 b5 6. h4 h6 7. Nge2 Nd7 8. f4
Ngf6 9. e5 Ng4 10. O-O-O Nb6 11. Ng3 dxe5 12. fxe5 h5 13. Bg5 O-O 14. Nce4 f6
15. exf6 exf6 16. Bf4 Nd5 17. Kb1 Nxf4 18. Qxf4 Bh6 19. Qf3 Ne3 20. Rd3 Bg4 21.
Qf2 f5 22. Nc5 Qd5 23. Ne2 f4 24. Nc3 Qc6 25. Be2 Qxg2 26. Qxg2 Nxg2 27. Bf3
Bxf3 28. Rxf3 Rf5 29. N3e4 Re8 30. Rg1 Nxh4 31. Rh3 Bg5 32. a4 Bd8 33. a5 f3
34. c3 Rxc5 35. Nxc5 f2 36. Rd1 Re1 37. Rh1 Nf3 38. Kc2 Rxh1 39. Rxh1 Ng1 0-1

[Event "Asian Continental Chess Championship 2015 - Open"]
[Site ""]
[Date "2015.08.02"]
[Round "1"]
[Board "6"]
[White "Ganguly, Surya Shekhar"]
[Black "Sharavdorj, Dashzegve"]
[Result "1-0"]
[WhiteElo "2631"]
[BlackElo "2423"]
[PlyCount "41"]
[EventDate "2015.08.02"]
[EventRounds "9"]
[EventCountry "UAE"]

1. e4 c5 2. Nf3 e6 3. d4 cxd4 4. Nxd4 Nc6 5. Nc3 a6 6. Be2 d6 7. O-O Nf6 8. Be3
Be7 9. f4 O-O 10. a4 Bd7 11. Nb3 Na5 12. e5 Ne8 13. Nxa5 Qxa5 14. Ne4 Qc7 15.
a5 Rc8 16. Bb6 Qb8 17. c4 Bc6 18. Qd4 dxe5 19. fxe5 f6 20. Bc5 fxe5 21. Bxe7
 1-0

[Event "Asian Continental Chess Championship 2015 - Open"]
[Site ""]
[Date "2015.08.02"]
[Round "1"]
[Board "7"]
[White "Rathnakaran, K."]
[Black "Zhang, Zhong"]
[Result "1-0"]
[WhiteElo "2417"]
[BlackElo "2628"]
[PlyCount "111"]
[EventDate "2015.08.02"]
[EventRounds "9"]
[EventCountry "UAE"]

1. e4 c6 2. d3 d5 3. Nd2 e5 4. Ngf3 Bd6 5. g3 Nf6 6. Bg2 O-O 7. O-O Re8 8. b3
a5 9. a3 Bg4 10. h3 Bh5 11. Qe2 Nbd7 12. Bb2 Qc7 13. Rfe1 Rad8 14. Rad1 b5 15.
Nf1 dxe4 16. dxe4 Nc5 17. N1d2 Ne6 18. a4 Rb8 19. axb5 cxb5 20. c4 b4 21. Nf1
Nc5 22. g4 Bg6 23. N3d2 a4 24. Ne3 a3 25. Ba1 Nfd7 26. h4 f6 27. Nd5 Qd8 28. h5
Bf7 29. h6 g6 30. Qe3 Bf8 31. g5 fxg5 32. Qg3 g4 33. Qxg4 Bxh6 34. Nf3 Bxd5 35.
exd5 Bf4 36. Qh3 Qf6 37. Nh4 Qd6 38. Be4 Rf8 39. Bc2 Rf7 40. Re2 Rbf8 41. Nf3
Re8 42. Rde1 Rfe7 43. Kh1 Nf6 44. Rg1 Nfd7 45. Nh4 Rg7 46. Rg4 Bc1 47. f4 Bb2
48. Bxb2 axb2 49. f5 g5 50. Reg2 Ra8 51. f6 Ra1+ 52. Rg1 Rxg1+ 53. Rxg1 Nxf6
54. Nf5 g4 55. Qg3 Qd7 56. Qxe5 1-0

[Event "Asian Continental Chess Championship 2015 - Open"]
[Site ""]
[Date "2015.08.02"]
[Round "1"]
[Board "8"]
[White "Gupta, Abhijeet"]
[Black "Maghsoodloo, Parham"]
[Result "1/2-1/2"]
[WhiteElo "2619"]
[BlackElo "2416"]
[PlyCount "75"]
[EventDate "2015.08.02"]
[EventRounds "9"]
[EventCountry "UAE"]

1. c4 c5 2. Nc3 Nc6 3. Nf3 g6 4. g3 Bg7 5. Bg2 Nh6 6. d4 cxd4 7. Bxh6 Bxh6 8.
Nxd4 O-O 9. O-O Qb6 10. Nb3 d6 11. a4 Be6 12. Nd5 Bxd5 13. cxd5 Na5 14. Nxa5
Qxa5 15. b4 Qb6 16. Rb1 Rfc8 17. Qd3 Bg7 18. a5 Qd8 19. Qb5 Rab8 20. Bh3 Rc2
21. Rbc1 Qc7 22. Rxc2 Qxc2 23. e3 Bf6 24. Bd7 Qc7 25. Qa4 a6 26. Rb1 Qc4 27.
Qd1 Qc7 28. Bh3 b6 29. Rc1 Qb7 30. Rc6 bxa5 31. bxa5 Qb5 32. Qd2 Qa4 33. Qe1
Rb5 34. Rxa6 Qa2 35. Rb6 Rxa5 36. Bg2 Rc5 37. Bf3 Rc2 38. Kg2 1/2-1/2

[Event "Asian Continental Chess Championship 2015 - Open"]
[Site ""]
[Date "2015.08.02"]
[Round "1"]
[Board "9"]
[White "Asgarizadeh, Ahmad"]
[Black "Ghaem Maghami, Ehsan"]
[Result "1/2-1/2"]
[WhiteElo "2407"]
[BlackElo "2609"]
[PlyCount "50"]
[EventDate "2015.08.02"]
[EventRounds "9"]
[EventCountry "UAE"]

1. e4 e5 2. Nf3 Nc6 3. Bb5 a6 4. Ba4 Nf6 5. O-O b5 6. Bb3 Bb7 7. d3 Bc5 8. Nc3
d6 9. Nd5 Na5 10. Bg5 Nxb3 11. axb3 Bxd5 12. exd5 h6 13. Bxf6 Qxf6 14. d4 exd4
15. Re1+ Kf8 16. Qd3 g6 17. Re2 Kg7 18. Rae1 Qf5 19. Qxf5 gxf5 20. Kf1 a5 21.
Rd1 a4 22. b4 Bb6 23. Nxd4 Bxd4 24. Rxd4 a3 25. bxa3 Rxa3 1/2-1/2

[Event "Asian Continental Chess Championship 2015 - Open"]
[Site ""]
[Date "2015.08.02"]
[Round "1"]
[Board "10"]
[White "Zhou, Jianchao"]
[Black "Nezad, Husein Aziz"]
[Result "1/2-1/2"]
[WhiteElo "2600"]
[BlackElo "2404"]
[PlyCount "54"]
[EventDate "2015.08.02"]
[EventRounds "9"]
[EventCountry "UAE"]

1. d4 d5 2. c4 c6 3. Nf3 e6 4. Bg5 Be7 5. Bxe7 Qxe7 6. e3 Nf6 7. Nc3 O-O 8. Qc2
Nbd7 9. cxd5 cxd5 10. a4 Nb8 11. a5 Bd7 12. Be2 Nc6 13. O-O Rfc8 14. Rfc1 Nb4
15. Qb3 Rc7 16. Na4 Bxa4 17. Rxc7 Qxc7 18. Qxb4 Be8 19. Ne5 Rc8 20. Nd3 h6 21.
h3 Ne4 22. Rc1 Qd8 23. Rxc8 Qxc8 24. Nc5 Nd6 25. Nb3 Qc6 26. Qc5 b6 27. Qxc6
Bxc6 1/2-1/2

[Event "Asian Continental Chess Championship 2015 - Open"]
[Site ""]
[Date "2015.08.02"]
[Round "1"]
[Board "11"]
[White "Nitin, S."]
[Black "Salem, A.R. Saleh"]
[Result "0-1"]
[WhiteElo "2404"]
[BlackElo "2595"]
[PlyCount "61"]
[EventDate "2015.08.02"]
[EventRounds "9"]
[EventCountry "UAE"]

1. e4 c5 2. Nf3 d6 3. d4 cxd4 4. Nxd4 Nf6 5. Nc3 a6 6. Qf3 g6 7. h3 Bg7 8. Be3
O-O 9. O-O-O Bd7 10. Kb1 Nc6 11. Nd5 Rc8 12. g4 Nxd5 13. exd5 Ne5 14. Qg2 Nc4
15. Bxc4 Rxc4 16. Rhe1 Qc7 17. f4 Re8 18. Rd2 a5 19. Bg1 Bf6 20. g5 Bxd4 21.
Bxd4 Bf5 22. Ree2 a4 23. Qf2 a3 24. b3 Rc3 25. h4 b5 26. Bb6 Qb7 27. Bd4 Rh3
28. Ba1 Qb6 29. Qe1 Qc5 30. Qc1 b4 31. Rh2 0-1

[Event "Asian Continental Chess Championship 2015 - Open"]
[Site ""]
[Date "2015.08.02"]
[Round "1"]
[Board "12"]
[White "Sengupta, Deep"]
[Black "Saiyn, Zhanat"]
[Result "1/2-1/2"]
[WhiteElo "2594"]
[BlackElo "2404"]
[PlyCount "81"]
[EventDate "2015.08.02"]
[EventRounds "9"]
[EventCountry "UAE"]

1. e4 c5 2. Nf3 e6 3. d4 cxd4 4. Nxd4 Nc6 5. Nc3 Qc7 6. f4 a6 7. Nxc6 bxc6 8.
Bd3 d5 9. O-O Nf6 10. Qe2 Be7 11. Kh1 O-O 12. e5 Nd7 13. b3 Nc5 14. Bb2 a5 15.
Rf3 f5 16. exf6 Bxf6 17. Raf1 Nxd3 18. cxd3 Bd7 19. Nd1 c5 20. Bxf6 Rxf6 21.
Ne3 Raf8 22. Qf2 d4 23. Ng4 Rf5 24. Ne5 Bc6 25. Nxc6 Qxc6 26. Qe2 h6 27. Kg1
Qd6 28. Qe4 Qd5 29. Re1 a4 30. Qxe6+ Qxe6 31. Rxe6 axb3 32. axb3 Rb8 33. g4 Rf6
34. Re7 Rf7 35. Re5 Rc7 36. f5 Rxb3 37. Kg2 c4 38. dxc4 Rxf3 39. Kxf3 Rxc4 40.
Rd5 Rc3+ 41. Kf4 1/2-1/2

[Event "Asian Continental Chess Championship 2015 - Open"]
[Site ""]
[Date "2015.08.02"]
[Round "1"]
[Board "13"]
[White "Abdyjapar, Asyl"]
[Black "Koneru, Humpy"]
[Result "1-0"]
[WhiteElo "2392"]
[BlackElo "2585"]
[PlyCount "83"]
[EventDate "2015.08.02"]
[EventRounds "9"]
[EventCountry "UAE"]

1. d4 Nf6 2. c4 e6 3. Nc3 Bb4 4. Qc2 O-O 5. a3 Bxc3+ 6. Qxc3 b6 7. Bg5 Bb7 8.
e3 d6 9. f3 Nbd7 10. Bd3 h6 11. Bh4 Rc8 12. Ne2 c5 13. Qd2 cxd4 14. exd4 Ba6
15. b3 d5 16. cxd5 Bxd3 17. Qxd3 exd5 18. O-O Qc7 19. Rac1 Qb7 20. a4 a6 21.
Qd2 b5 22. a5 Rxc1 23. Rxc1 Rc8 24. Ng3 Rxc1+ 25. Qxc1 Qb8 26. Nf5 Qe8 27. Nd6
Qe6 28. Qc8+ Kh7 29. Qxa6 Qe3+ 30. Kf1 Qd3+ 31. Ke1 Qe3+ 32. Kf1 Qc1+ 33. Be1
Qf4 34. Qc6 Qxd4 35. Qc2+ g6 36. Nxb5 Qe5 37. a6 d4 38. Qc4 Nd5 39. Qxd4 Ne3+
40. Ke2 Qxb5+ 41. Kxe3 Nb6 42. Kf2 1-0

[Event "Asian Continental Chess Championship 2015 - Open"]
[Site ""]
[Date "2015.08.02"]
[Round "1"]
[Board "14"]
[White "Sandipan, Chanda"]
[Black "Tologontegin, Semetey"]
[Result "1-0"]
[WhiteElo "2585"]
[BlackElo "2390"]
[PlyCount "81"]
[EventDate "2015.08.02"]
[EventRounds "9"]
[EventCountry "UAE"]

1. d4 Nf6 2. Nf3 e6 3. Bf4 c5 4. e3 b6 5. Nbd2 Be7 6. h3 O-O 7. c3 cxd4 8. exd4
d6 9. Bh2 Qc7 10. Bd3 Ba6 11. Bxa6 Nxa6 12. a4 Qc6 13. Qe2 Nc7 14. O-O a6 15.
c4 Rfe8 16. Rfe1 a5 17. Nb1 Na6 18. Nc3 Qd7 19. Nb5 Rac8 20. Rac1 Nb4 21. Rcd1
Red8 22. b3 h6 23. Rd2 Qb7 24. d5 e5 25. Nh4 Bf8 26. Qe3 Na6 27. f4 exf4 28.
Qxf4 Re8 29. Rde2 Nc5 30. Qf3 Qd7 31. Nf5 Rxe2 32. Rxe2 Ne8 33. Qg4 h5 34. Nh6+
Kh7 35. Qxd7 Nxd7 36. Nxf7 Nc5 37. Re3 Kg6 38. Nfxd6 Nxd6 39. Bxd6 Bxd6 40.
Nxd6 Rd8 41. Nb5 1-0

[Event "Asian Continental Chess Championship 2015 - Open"]
[Site ""]
[Date "2015.08.02"]
[Round "1"]
[Board "15"]
[White "Li, Di"]
[Black "Lalith, Babu M.R."]
[Result "0-1"]
[WhiteElo "2384"]
[BlackElo "2570"]
[PlyCount "114"]
[EventDate "2015.08.02"]
[EventRounds "9"]
[EventCountry "UAE"]

1. d4 Nf6 2. c4 e6 3. g3 d5 4. Nf3 Bb4+ 5. Bd2 Be7 6. Bg2 O-O 7. O-O c6 8. Qc2
Nbd7 9. Rd1 b6 10. Bf4 Bb7 11. Nc3 Nh5 12. Bd2 f5 13. Qb3 Rc8 14. Be1 Kh8 15.
a4 a5 16. e3 Bd6 17. cxd5 exd5 18. Na2 Ba6 19. Nc1 Nhf6 20. Nd3 Bc4 21. Qc2 Qe7
22. b3 Ba6 23. Bc3 Ne4 24. Bb2 c5 25. dxc5 Ndxc5 26. Nxc5 Bxc5 27. Qc1 Be2 28.
Rxd5 Qf7 29. Rxc5 Rxc5 30. Qb1 Bxf3 31. Bxf3 Nd2 32. Qd1 Nxf3+ 33. Qxf3 Qxb3
34. Bd4 Rd5 35. Qf4 Rd7 36. h4 Kg8 37. h5 h6 38. Qe5 Qf7 39. Bxb6 Rd5 40. Qc3
Qxh5 41. Bd4 f4 42. gxf4 Qg4+ 43. Kf1 Rh5 44. Qc6 Rh2 45. Rc1 Qh4 46. Rc2 Rh1+
47. Ke2 Qg4+ 48. Kd3 Rd1+ 49. Ke4 Kh7 50. Rc5 Rd2 51. f3 Qg1 52. Rb5 Rd8 53.
Qb6 Re8+ 54. Re5 Rxe5+ 55. fxe5 h5 56. Qxa5 Qg6+ 57. Kf4 Rf2 0-1

[Event "Asian Continental Chess Championship 2015 - Open"]
[Site ""]
[Date "2015.08.02"]
[Round "1"]
[Board "16"]
[White "Idani, Pouya"]
[Black "Xu, Yi"]
[Result "1-0"]
[WhiteElo "2568"]
[BlackElo "2365"]
[PlyCount "65"]
[EventDate "2015.08.02"]
[EventRounds "9"]
[EventCountry "UAE"]

1. d4 Nf6 2. Bg5 Ne4 3. Bf4 c5 4. f3 Qa5+ 5. c3 Nf6 6. d5 Qb6 7. Bc1 e6 8. e4
exd5 9. exd5 c4 10. Bxc4 Bc5 11. Ne2 d6 12. Nd4 Bxd4 13. Qxd4 Qxd4 14. cxd4 Na6
15. Bb5+ Ke7 16. Bxa6 bxa6 17. Bg5 Rb8 18. b3 Rb4 19. Nc3 Rxd4 20. Rd1 Rxd1+
21. Kxd1 Kd7 22. Bxf6 gxf6 23. Re1 f5 24. Kd2 Bb7 25. g4 fxg4 26. fxg4 Rg8 27.
Ne4 Rg6 28. g5 Kd8 29. h4 f5 30. Nf6 h6 31. Re8+ Kc7 32. Re6 Kc8 33. Ne8 1-0

[Event "Asian Continental Chess Championship 2015 - Open"]
[Site ""]
[Date "2015.08.02"]
[Round "1"]
[Board "17"]
[White "Salih, Akar Ali Salih"]
[Black "Gopal, G.N."]
[Result "1/2-1/2"]
[WhiteElo "2359"]
[BlackElo "2562"]
[PlyCount "78"]
[EventDate "2015.08.02"]
[EventRounds "9"]
[EventCountry "UAE"]

1. e4 c5 2. Nf3 d6 3. d4 cxd4 4. Nxd4 Nf6 5. Nc3 a6 6. Be2 e5 7. Nb3 Be7 8. O-O
O-O 9. Be3 Be6 10. Nd5 Nbd7 11. Qd3 Bxd5 12. exd5 Ne8 13. f4 exf4 14. Bxf4 Bf6
15. c3 g6 16. Kh1 Bg7 17. Qd2 Ne5 18. c4 Nf6 19. Nd4 Re8 20. Rae1 Rc8 21. b3
Nfd7 22. Bg5 Qb6 23. Nf3 Nxf3 24. Bxf3 Ne5 25. Be2 Qc7 26. Rc1 b6 27. Rfd1 a5
28. a3 Ra8 29. Rc2 Nd7 30. b4 h5 31. Rdc1 axb4 32. axb4 Ra3 33. h3 Qc8 34. c5
bxc5 35. Bb5 Re4 36. bxc5 dxc5 37. Ra2 Rxa2 38. Qxa2 Rb4 39. Qa5 Rb2 1/2-1/2

[Event "Asian Continental Chess Championship 2015 - Open"]
[Site ""]
[Date "2015.08.02"]
[Round "1"]
[Board "18"]
[White "Gao, Rui"]
[Black "Yuan, Qingyu"]
[Result "1-0"]
[WhiteElo "2528"]
[BlackElo "2359"]
[PlyCount "65"]
[EventDate "2015.08.02"]
[EventRounds "9"]
[EventCountry "UAE"]

1. e4 c5 2. Nf3 d6 3. d4 cxd4 4. Nxd4 Nf6 5. Nc3 a6 6. Bg5 e6 7. f4 Qc7 8. Bxf6
gxf6 9. Qd2 b5 10. O-O-O Bb7 11. Kb1 Nd7 12. f5 e5 13. Nf3 Nb6 14. g4 d5 15.
Nxd5 Nxd5 16. exd5 Rd8 17. Bd3 Bxd5 18. Qe2 Be7 19. Rhg1 Rg8 20. h3 Rd6 21. Nd2
Kd7 22. c4 bxc4 23. Nxc4 Bxc4 24. Bxc4 Rb8 25. Bxf7 Qb6 26. Bb3 Kc7 27. Qc4+
Kb7 28. Qf7 Qc7 29. Rxd6 Qxd6 30. g5 fxg5 31. Rd1 Qc7 32. f6 Bd8 33. Rd7 1-0

[Event "Asian Continental Chess Championship 2015 - Open"]
[Site ""]
[Date "2015.08.02"]
[Round "1"]
[Board "19"]
[White "Liu, Chang"]
[Black "Vakhidov, Jahongir"]
[Result "0-1"]
[WhiteElo "2353"]
[BlackElo "2525"]
[PlyCount "108"]
[EventDate "2015.08.02"]
[EventRounds "9"]
[EventCountry "UAE"]

1. c4 e5 2. g3 Nc6 3. Bg2 Bc5 4. Nc3 a6 5. Nf3 d6 6. d3 Nge7 7. a3 O-O 8. O-O
Ba7 9. b4 f6 10. Bb2 Be6 11. Nd2 Qd7 12. Nd5 Ng6 13. e3 Nd8 14. e4 Nf7 15. Qe2
Bg4 16. Qe1 Bh3 17. Kh1 Nh6 18. Qe2 c6 19. Ne3 Bxg2+ 20. Kxg2 f5 21. exf5 Nxf5
22. Nxf5 Rxf5 23. Ne4 Raf8 24. c5 d5 25. Nd6 Rg5 26. Kh1 Qh3 27. Rg1 b6 28. d4
e4 29. Bc1 Rg4 30. Be3 b5 31. a4 Bb8 32. axb5 axb5 33. Qf1 Qh5 34. Qg2 Ne7 35.
h3 Rg6 36. g4 Qh4 37. Qh2 h5 38. gxh5 Qxh5 39. Rxg6 Nxg6 40. Rg1 Nh4 41. Rg4
Nf5 42. Kg2 Nxe3+ 43. fxe3 Rf3 44. Rg3 Bc7 45. Kg1 Qh4 46. Rxf3 exf3 47. Kf1
Bd8 48. Qh1 Qh5 49. Qh2 Qg6 50. e4 dxe4 51. Qc2 Bh4 52. Nxe4 Kh8 53. d5 f2 54.
Ke2 Qg2 0-1

[Event "Asian Continental Chess Championship 2015 - Open"]
[Site ""]
[Date "2015.08.02"]
[Round "1"]
[Board "20"]
[White "Wang, Chen"]
[Black "Chu, Wei Chao"]
[Result "1-0"]
[WhiteElo "2524"]
[BlackElo "2318"]
[PlyCount "89"]
[EventDate "2015.08.02"]
[EventRounds "9"]
[EventCountry "UAE"]

1. e4 c5 2. Nc3 a6 3. g3 b5 4. Bg2 Bb7 5. Nh3 Nf6 6. d3 e6 7. O-O d6 8. f4 Nc6
9. Nf2 Be7 10. Kh1 Qc7 11. Ne2 b4 12. Be3 h5 13. Ng1 d5 14. c3 d4 15. cxd4 Nxd4
16. Bxd4 cxd4 17. Nf3 h4 18. Nxh4 Nh5 19. Qg4 Rc8 20. Rae1 Qa5 21. f5 Qxa2 22.
Nf3 exf5 23. exf5 Kf8 24. Ne5 Bxg2+ 25. Kxg2 Qd5+ 26. Qf3 Nf6 27. Rc1 Re8 28.
Rfe1 Kg8 29. Neg4 Qxf3+ 30. Kxf3 Kh7 31. Ra1 Nxg4 32. Nxg4 Bg5 33. Rxe8 Rxe8
34. h4 Bd2 35. Rxa6 Re1 36. Ra7 Kg8 37. Ra8+ Kh7 38. Ra7 Kg8 39. f6 gxf6 40.
Nxf6+ Kg7 41. Ng4 Kg6 42. Ra6+ Kg7 43. h5 f5 44. Rg6+ Kf7 45. Rf6+ 1-0

[Event "Asian Continental Chess Championship 2015 - Open"]
[Site ""]
[Date "2015.08.02"]
[Round "1"]
[Board "21"]
[White "Lodhi, Mahmood"]
[Black "Khusnutdinov, Rustam"]
[Result "1/2-1/2"]
[WhiteElo "2310"]
[BlackElo "2510"]
[PlyCount "43"]
[EventDate "2015.08.02"]
[EventRounds "9"]
[EventCountry "UAE"]

1. d4 Nf6 2. Nf3 g6 3. g3 b6 4. Bg2 Bb7 5. O-O Bg7 6. c4 O-O 7. Nc3 Ne4 8. Qc2
Nxc3 9. bxc3 d6 10. a4 Nc6 11. Nd2 Na5 12. Bxb7 Nxb7 13. Nb3 c5 14. d5 Qd7 15.
e4 a6 16. Qd3 Na5 17. Nxa5 bxa5 18. Bd2 Rab8 19. Rfb1 h5 20. Kg2 Bf6 21. h3
Rfc8 22. Qc2 1/2-1/2

[Event "Asian Continental Chess Championship 2015 - Open"]
[Site ""]
[Date "2015.08.02"]
[Round "1"]
[Board "22"]
[White "Harika, Dronavalli"]
[Black "Iyti, Basher"]
[Result "1/2-1/2"]
[WhiteElo "2509"]
[BlackElo "2305"]
[PlyCount "64"]
[EventDate "2015.08.02"]
[EventRounds "9"]
[EventCountry "UAE"]

1. Nf3 Nf6 2. c4 c6 3. Nc3 d5 4. e3 g6 5. d4 Bg7 6. Be2 O-O 7. O-O Bf5 8. h3 a6
9. b3 Ne4 10. Bb2 Nxc3 11. Bxc3 Re8 12. Rc1 Nd7 13. b4 dxc4 14. Bxc4 Nb6 15.
Bb3 Nd5 16. Bd2 Rf8 17. Qe2 Nf6 18. Rfd1 Be4 19. Be1 Bd5 20. Nd2 Ne4 21. Nc4
Nd6 22. Na5 Qb6 23. a4 Rfe8 24. Qc2 e6 25. Qe2 Rac8 26. Rb1 h5 27. Nc4 Nxc4 28.
Bxc4 Red8 29. Bc3 Qc7 30. Rd2 e5 31. dxe5 Bxc4 32. Rxd8+ Rxd8 1/2-1/2

[Event "Asian Continental Chess Championship 2015 - Open"]
[Site ""]
[Date "2015.08.02"]
[Round "1"]
[Board "23"]
[White "Isaev, Jamshed"]
[Black "Rahman, Ziaur"]
[Result "0-1"]
[WhiteElo "2300"]
[BlackElo "2509"]
[PlyCount "80"]
[EventDate "2015.08.02"]
[EventRounds "9"]
[EventCountry "UAE"]

1. e4 c5 2. Nf3 e6 3. d4 cxd4 4. Nxd4 Nc6 5. Nc3 Qc7 6. Be3 a6 7. Nb3 Nf6 8. f4
d6 9. Bd3 Be7 10. O-O b5 11. Qf3 Bb7 12. Kh1 h5 13. h3 Nb4 14. Qf2 Rc8 15. Rae1
h4 16. Bb6 Qd7 17. Qd2 Nxd3 18. cxd3 Nh5 19. Ne2 f5 20. Na5 Ba8 21. Bf2 fxe4
22. dxe4 O-O 23. Qe3 Qe8 24. Nb3 Qg6 25. Nd2 Rc2 26. f5 exf5 27. Qb3+ Rc4 28.
Nxc4 bxc4 29. Qxc4+ Kh8 30. Nc3 Nf4 31. Rg1 fxe4 32. Be3 d5 33. Qd4 Nd3 34.
Ref1 Rxf1 35. Rxf1 Bc5 36. Qa4 Bxe3 37. Rf8+ Kh7 38. Nd1 Bc5 39. Rxa8 Qf7 40.
Ne3 Bxe3 0-1

[Event "Asian Continental Chess Championship 2015 - Open"]
[Site ""]
[Date "2015.08.02"]
[Round "1"]
[Board "24"]
[White "Vishnu, Prasanna. V"]
[Black "Abdulwahhab, Ahmed Abdulsattar"]
[Result "1-0"]
[WhiteElo "2502"]
[BlackElo "2297"]
[PlyCount "77"]
[EventDate "2015.08.02"]
[EventRounds "9"]
[EventCountry "UAE"]

1. e4 c5 2. Nf3 e6 3. d4 cxd4 4. Nxd4 a6 5. c4 Nf6 6. Nc3 Bb4 7. Qd3 Nc6 8.
Nxc6 dxc6 9. Qxd8+ Kxd8 10. e5 Bxc3+ 11. bxc3 Nd7 12. Bf4 b6 13. h4 Bb7 14. Rh3
Ke7 15. Rg3 Rhg8 16. Bd3 f5 17. exf6+ gxf6 18. Bxh7 Rxg3 19. fxg3 c5 20. Kf2 f5
21. Bg6 b5 22. Re1 Be4 23. g4 Kf6 24. Bh5 bxc4 25. g5+ Ke7 26. g4 Rh8 27. Bg3
Rf8 28. gxf5 Rxf5+ 29. Kg1 Bf3 30. Bg6 Rd5 31. Rf1 Be2 32. Rf7+ Kd8 33. Be4
Rd1+ 34. Kf2 Rf1+ 35. Kxe2 Rxf7 36. g6 Rf8 37. h5 Rg8 38. h6 Nf6 39. Bh4 1-0

[Event "Asian Continental Chess Championship 2015 - Open"]
[Site ""]
[Date "2015.08.02"]
[Round "1"]
[Board "25"]
[White "Byambaa, Zulzaga"]
[Black "Darini, Pouria"]
[Result "0-1"]
[WhiteElo "2258"]
[BlackElo "2501"]
[PlyCount "68"]
[EventDate "2015.08.02"]
[EventRounds "9"]
[EventCountry "UAE"]

1. e4 c5 2. Nf3 d6 3. c3 Nf6 4. Be2 Nbd7 5. d3 b6 6. O-O Bb7 7. h3 g6 8. Bf4
Bg7 9. Nbd2 O-O 10. Bh2 e5 11. c4 Nh5 12. Re1 Nf4 13. Bf1 Ne6 14. Nb1 f5 15.
Nc3 f4 16. Nd5 Nb8 17. a3 Nc6 18. Be2 Ncd4 19. Nxd4 Nxd4 20. f3 h5 21. Kh1 g5
22. Bg1 Nxe2 23. Qxe2 Bc8 24. Bh2 g4 25. fxg4 hxg4 26. hxg4 Qg5 27. Rg1 Bxg4
28. Qd2 Qh5 29. Raf1 Rae8 30. Qf2 Re6 31. g3 Rh6 32. Ne7+ Kf7 33. Qg2 f3 34.
Nd5 Qxh2+ 0-1

[Event "Asian Continental Chess Championship 2015 - Open"]
[Site ""]
[Date "2015.08.02"]
[Round "1"]
[Board "26"]
[White "Nguyen, Duc Hoa"]
[Black "Xu, Xiangyu"]
[Result "1/2-1/2"]
[WhiteElo "2500"]
[BlackElo "2257"]
[PlyCount "43"]
[EventDate "2015.08.02"]
[EventRounds "9"]
[EventCountry "UAE"]

1. e4 c5 2. Nf3 d6 3. d4 cxd4 4. Nxd4 Nf6 5. Nc3 Nc6 6. Bg5 Bd7 7. Qd2 Rc8 8.
O-O-O Nxd4 9. Qxd4 Qa5 10. f4 h6 11. Bxf6 gxf6 12. Kb1 Qc5 13. Qd2 f5 14. exf5
Bxf5 15. Bb5+ Kd8 16. Bd3 Bg7 17. Bxf5 Qxf5 18. Nd5 e6 19. Ne3 Qxf4 20. Rhf1
Qe5 21. Qb4 Rc7 22. Rxd6+ 1/2-1/2

[Event "Asian Continental Chess Championship 2015 - Open"]
[Site ""]
[Date "2015.08.02"]
[Round "1"]
[Board "27"]
[White "Saeed, Ishaq"]
[Black "Nguyen, Huynh Minh Huy"]
[Result "1-0"]
[WhiteElo "2252"]
[BlackElo "2496"]
[PlyCount "49"]
[EventDate "2015.08.02"]
[EventRounds "9"]
[EventCountry "UAE"]

1. d4 d5 2. c4 c6 3. Nf3 Nf6 4. e3 a6 5. Nc3 e6 6. Qc2 c5 7. a3 Nc6 8. dxc5
Bxc5 9. b4 Bd6 10. Bb2 dxc4 11. Bxc4 O-O 12. Ne4 Nxe4 13. Qxe4 Qe7 14. g4 e5
15. h4 Kh8 16. Ng5 f5 17. Qd5 Nd8 18. O-O-O Bc7 19. f3 fxg4 20. fxg4 Bxg4 21.
Rdf1 Bh5 22. Rxf8+ Qxf8 23. Qe4 Bg6 24. Qxg6 hxg6 25. h5 1-0